00387nam a2200109Ia 4500008004100000020002200041100002000063245010700083260004200190300002700232650001800259200922s9999 xx 000 0 und d a978-621-409-117-1 aDapat, Rizal O. cRizal O. Dapat, Liza l. ChangaEssence and essentials of puirposive communication in the 21st century/ aManila:bBooks Atbp. Publishingc2018 axii, 344 pagesc25 cm. aCommunication